Most Guessed US States - Statistics

General Stats
  • This quiz has been taken 55 times
  • The average score is 7 of 9
Answer Stats
%Guessed State % Correct
96% California
100%
94% New York
100%
96% Texas
100%
94% Florida
98%
93% Washington
86%
86% Alaska
82%
85% Nevada
70%
85% South Dakota
52%
86% North Dakota
50%
No matching quizzes found
Score Distribution
Percent of People with Each Score
Percentile by Number Answered
Your Score History
You have not taken this quiz